| 000 | 005540000a22001690004500 | ||
|---|---|---|---|
| 003 | MACL | ||
| 005 | 20160610130208.0 | ||
| 008 | 160610b xxu||||| |||| 00| 0 eng d | ||
| 040 |
_aMACL _cMACL |
||
| 041 | _aHindi | ||
| 082 | _a891.433 | ||
| 100 |
_aकुमार, सत्येन _958788 |
||
| 245 |
_aबर्फ तथा अन्य कहानियां _cसत्येन कुमार |
||
| 260 |
_bराजकमल प्रकाशन _c1950 _aपटना |
||
| 650 |
_aStories _963809 |
||
| 942 |
_cHIN _k891.431 _2ddc |
||
| 999 |
_c24059 _d24059 |
||